| Tag |
First Indicator |
Second Indicator |
Subfields |
| LEADER |
00000cas a2200000Ka 4500 |
| 001 |
in00003595083 |
| 005 |
20170929162053.0 |
| 006 |
m o d |
| 007 |
cr ||||||||||| |
| 008 |
151020c19919999gw x moo 0 0eng d |
| 022 |
|
|
|a 2198-3321
|y 1431-8814
|l 1431-8814
|
| 040 |
|
|
|a TXA
|c TXA
|d UtOrBLW
|
| 049 |
|
|
|a TXAM
|
| 090 |
|
|
|a QA278
|b .S77 Electronic
|
| 245 |
0 |
0 |
|a Studies in classification, data analysis, and knowledge organization.
|
| 246 |
1 |
|
|a Stud. classif. data anal. knowl. organ.
|
| 264 |
|
1 |
|3 1991- :
|a Boston ;
|a New York :
|b Springer-Verlag
|
| 264 |
3 |
1 |
|3 <2000-> :
|a Berlin ;
|a New York :
|b Springer
|
| 300 |
|
|
|a 1 online resource
|
| 310 |
|
|
|a Irregular
|
| 336 |
|
|
|a text
|b txt
|2 rdacontent
|
| 337 |
|
|
|a computer
|b c
|2 rdamedia
|
| 338 |
|
|
|a online resource
|b cr
|2 rdacarrier
|
| 362 |
1 |
|
|a Began in 1991?
|
| 500 |
|
|
|a Electronic resource.
|
| 650 |
|
0 |
|a Multivariate analysis.
|0 http://id.loc.gov/authorities/subjects/sh85088390
|
| 655 |
|
4 |
|a Electronic books.
|
| 776 |
0 |
8 |
|i Print version:
|t Studies in classification, data analysis, and knowledge organization
|x 1431-8814
|
| 994 |
|
|
|a C0
|b TXA
|
| 948 |
|
|
|a cataloged
|b h
|c 2015/10/20
|d o
|e spoltoratski
|f 8:33:48 am
|g Fake Record for unnumbered SpringerLink series/for SFX linking
|
| 999 |
f |
f |
|s 4a23732b-5990-3af4-aa42-5f98373500ed
|i c47bfdf9-4628-39c1-9932-0c62efa26a7f
|t 0
|
| 952 |
f |
f |
|a Texas A&M University
|b College Station
|c Electronic Resources
|d Available Online
|t 0
|e QA278 .S77
|g Electronic
|h Library of Congress classification
|
| 998 |
f |
f |
|a QA278 .S77
|t 0
|l Available Online
|